000 00195 a2200097 4500
001 42951
100 _aMacmillan
245 _aGreat armor
260 _aLondon
_bG Bell
_c
090 _c26832
_d26832
942 _aNUST-CAE
_cM
_c18705
999 _c278024
_d278024